| 000 | 00746nam a2200121Ia 4500 | ||
|---|---|---|---|
| 008 | 220615s9999||||xx |||||||||||||| ||und|| | ||
| 100 | _aBacchi, Carol||Eveline, Joan | ||
| 245 | 0 | _aMainstreaming Politics: Gendering Practices and Feminist Theory | |
| 546 | _aEnglish[eng] | ||
| 650 | _awomen's rights||gender mainstreaming||feminist theory||sex discrimination against women||organizational sociology||women and social conditions||Public sector | ||
| 856 | _uhttps://library.oapen.org/bitstream/20.500.12657/33166/1/560246.pdf||https://library.oapen.org/bitstream/20.500.12657/33166/1/560246.pdf||https://library.oapen.org/bitstream/20.500.12657/33166/1/560246.pdf||https://library.oapen.org/bitstream/20.500.12657/33166/1/560246.pdf | ||
| 942 | _cEB | ||
| 999 |
_c18728 _d18728 |
||